000
00310nam a2200133Ia 4500
005
20251222141926.0
008
251222s9999||||xx |||||||||||||| ||spa||
020
_a
950-07-2685-8
082
_a
337.8/O57
100
_a
Oppenheimer, Andrés
245
0
_a
Cuentos Chinos:
264
_b
Sudamericana
942
_c
LIB
999
_c
8869
_d
8869